MARC

LEADER 00000nam0a2200000 4500
001 84912
005 20231031100819.0
010 |a 5339006190 
020 |a RU  |b 91-43235 
035 |a (RuTPU)RU\TPU\book\91245 
090 |a 84912 
100 |a 20051107d1991 m a0rusy5003 ca 
101 0 |a rus 
102 |a BY 
105 |a a z 001zy 
200 1 |a Секреты вашей бодрости  |f В. А. Иванченко 
210 |a Минск  |c Вышэйшая школа  |d 1991 
215 |a 251,[2] с.  |c ил.  |d 20 см 
320 |a Библиогр.: с. 248-249 
610 1 |a организм 
610 1 |a восстановление функций 
610 1 |a гигиена личная 
610 1 |a резервы 
610 1 |a дыхание 
610 1 |a дыхательная гимнастика 
610 1 |a питание 
610 1 |a массаж 
610 1 |a аутотренинг 
675 |a 613  |z rus 
700 1 |a Иванченко  |b В. А.  |g Валерий Андреевич  |4 070 
801 0 |a RU  |b RuMRKP  |c 19950417  |g psbo 
801 1 |a RU  |b 63413507  |c 20051107  |g PSBO 
801 2 |a RU  |b 63413507  |c 20051222  |g PSBO 
942 |c BK